000 00693nas a2200253 4500
001 BR0403022
003 BR-BrBNA
005 20231205104642.0
007 ta
008 230509b bl.|||p| |||| 00| 00por d
040 _aBR-BrBNA
_bpor
_cBiblioteca Nacional de Agricultura
041 _a(Pt)
072 _aE71
100 1 _aAnon.
245 1 _aO que pensam as entidades do agronegócio
650 _aCOMÉRCIO EXTERIOR
650 _aALCA
650 _aMERCOSUL
650 _aDEMANDA
650 _aMERCADO INTERNACIONAL
773 0 _tAgroanalysis (Brazil)
_xISSN 0100-4298
_g(Mar 2004), v. 24(3) p. 14
_wBR0403022
909 _a202311
_bLúcia
_c55
_dLúcia Elande
942 _2AGRIS
_n0
_cANA
999 _c179123
_d179123